Normal view
MARC view
- Electronic commerce--Management
Entry Topical Term
001 - CONTROL NUMBER
- control field: 128697
003 - CONTROL NUMBER IDENTIFIER
- control field: NUST
005 - DATE AND TIME OF LATEST TRANSACTION
- control field: 20250416130916.0
008 - FIXED-LENGTH DATA ELEMENTS
- fixed length control field: 250416|| aca||aabn | a|a d
040 ## - CATALOGING SOURCE
- Original cataloging agency: NUST
- Transcribing agency: NUST
150 ## - HEADING--TOPICAL TERM
- Topical term or geographic name entry element: Electronic commerce--Management
670 ## - SOURCE DATA FOUND
- Source citation: Work cat.: (NUST): Kingsnorth, Simon 128696, The digital marketing handbook : deliver powerful digital campaigns / , 2022.
